00801cam a2200217 ar4500003000500000005001700005008004100022010001000063011001000073035001000083040000900093100002600102245016700128500011100295500005300406650001500459650003100474650002300505650003600528700001900564CHAP20220817043720.0001011 us r 00010 eng d a82547 a83519 a94032 cCHAP00aChandra Babu, Suresh.10aHousehold food security and nutrition monitoring:bthe Malawi approach to development planning and policy interventionsc/by Suresh Chandra Babu and G. B. Mthindi aEncuadernado con: Food Security and Nutrition Monitoring in Africa: introduction and historical background aSobretiro de: Food Policy 19 (3) : 272-284, 199414aAlimentos.14aAlimentosxAbastecimiento.14aNutricionxMalawi.14aPolítica alimentariaxMalawi.0 aMthindi, G. B.